Stav riešenia problematiky pracovnej motivácie v SR A ČR do roku 2008

Praktická štúdia pracovnej motivácie s konkrétnou aplikáciou na podmienky slovenského trhového hospodárstva. Zmapovanie stavu poznania predmetnej problematiky na Slovensku a v Českej republike do roku 2008. Príspevok je doplnený o výsledky z rôznych vykonaných prieskumov.

Salvato in:
Dettagli Bibliografici
Autore principale: Šuteková, Henrieta
Natura: Capitolo di libro
Lingua:slovacco
Soggetti:
Tags: Aggiungi Tag
Nessun Tag, puoi essere il primo ad aggiungerne!!

MARC

LEADER 00000nla$a2200000$$$4500
001 0106887
005 20220913083948.2
041 0 |a slo 
044 |a SK 
245 1 0 |a Stav riešenia problematiky pracovnej motivácie v SR A ČR do roku 2008  |c Henrieta Šuteková 
520 |a Praktická štúdia pracovnej motivácie s konkrétnou aplikáciou na podmienky slovenského trhového hospodárstva. Zmapovanie stavu poznania predmetnej problematiky na Slovensku a v Českej republike do roku 2008. Príspevok je doplnený o výsledky z rôznych vykonaných prieskumov. 
610 2 0 |a zdroje ľudské 
610 2 0 |a hospodárstvo trhové 
610 2 0 |a benefity 
610 2 0 |a motivácia pracovná 
610 2 0 |a Slovensko 
610 2 0 |a Česko 
100 1 |a Šuteková, Henrieta